Bakumatsu no shinseisaku /

Saved in:
Bibliographic Details
Main Author: Honjō, Eijirō, 1888-1973.
Format: Book
Language:Japanese
Published: Tōkyō : Yūhikaku, Shōwa 15 [1940]
Edition:Zōtei.
Series:Nihon Keizaishi Kenkyūjo kenkyū sōsho ; dai 5-satsu.
Subjects:
Tags: Add Tag
No Tags, Be the first to tag this record!
LEADER 01141cam a2200289 i 4500
001 007785384-9
005 20024617122053.0
008 980507s1940 ja a 000 0 jpn c
010 |a j 63000026 
035 0 |a ocm39080140 
040 |a Princeton Univ. Gest Oriental Library  |c *YNH*  |d CStRLIN 
100 1 |6 880-01  |a Honjō, Eijirō,  |d 1888-1973. 
245 1 0 |6 880-02  |a Bakumatsu no shinseisaku /  |c Honjō Eijirō cho. 
250 |6 880-03  |a Zōtei. 
260 |6 880-04  |a Tōkyō :  |b Yūhikaku,  |c Shōwa 15 [1940] 
300 |a 3, 8, 493 p. :  |b ill. ;  |c 23 cm. 
490 1 |6 880-05  |a Nihon Keizaishi Kenkyūjo kenkyū sōsho ;  |v dai 5-satsu 
651 0 |a Japan  |x Economic policy  |y 1787-1868. 
880 1 |6 100-01  |a 本庄榮治郎,  |d 1888-1973. 
880 1 0 |6 245-02  |a 幕末の新政策 /  |c 本庄榮治郎著. 
880 |6 250-03  |a 增訂. 
880 |6 260-04  |a 東京 :  |b 有斐閣,  |c 昭和15 [1940] 
880 1 |6 490-05  |a 日本經濟史研究所研究叢書 ;  |v 第5冊 
830 0 |6 880-55  |a Nihon Keizaishi Kenkyūjo kenkyū sōsho ;  |v dai 5-satsu. 
880 0 |6 830-55  |a 日本經濟史研究所研究叢書 ;  |v 第5冊. 
988 |a 20021221 
906 |0 OCLC